000 00587nam a2200205Ia 4500
003 OSt
005 20220925222411.0
006 a|||||r|||| 00| 0
007 ta
008 220923b |||||||| |||| 00| 0 eng d
037 _cGeneral Book
040 _aRTL
_cRTL
_beng
041 _2eng
_aeng
082 _aXv1.M83, K9
100 _aHeilbroner Robert L
_9114401
245 0 _aWorldly philosophers
_b The great economic thinkers
260 _aLondon
_bPenguin Press
_c1969
942 _hXv1.M83, K9
_cGB
_2CC
999 _c576935
_d576935